La Sanidad agropecuaria centroamericana y el comercio internacional /

Salvato in:
Dettagli Bibliografici
Autore principale: Búcaro, Jorge
Natura: testo
Soggetti:
Tags: Aggiungi Tag
Nessun Tag, puoi essere il primo ad aggiungerne!!

MARC

LEADER 00000 a a2200000 04500
001 14100
003
040
100 |a Búcaro, Jorge  
245 |a La Sanidad agropecuaria centroamericana y el comercio internacional /  |c Jorge Búcaro 
650 |a AGRICULTURA  
650 |a FITOLOGIA  
650 |a EXPORTACIONES  
650 |a CRECIMIENTO ECONOMICO  
650 |a COMERCIO INTERNACIONAL  
650 |a LIBERALIZACION DEL INTERCAMBIO  
773 |g número 32 -33; páginas 41-60  
999 |c 34105  |d 34105